Yoga for panic disorder (Record no. 396132)

MARC details
000 -LEADER
fixed length control field 00563 a2200217 4500
005 - DATE & TIME
control field 20260210091022.0
008 - FIXED-LENGTH DATA ELEMENTS--GENERAL INFORMATION
fixed length control field 260210b |||||||| |||| 00| 0 eng d
020 ## - ISBN
International Standard Book Number 9788183769549
Price Rs. 1595.00
040 ## - CATALOGING SOURCE
Original cataloging agency VIVEKANANDA LIBRARY
082 ## - DDC NUMBER
Classification number 616.8522
Book Number S17Y
100 ## - MAIN ENTRY--PERSONAL NAME
Personal name Sree, Yadla Vishwa
245 ## - TITLE STATEMENT
Title Yoga for panic disorder
260 ## - PUBLICATION, DISTRIBUTION, ETC. (IMPRINT)
Name of publisher, distributor, etc ABD Publishers
Date of publication, distribution, etc 2024
Place of publication, distribution, etc Jaipur
300 ## - PHYSICAL DESCRIPTION
Pages viii, 229
650 ## - Subject
Subject Diseases
650 ## - Subject
Subject Mental-Emotional Disorders
650 ## - Subject
Subject Panic Disorder
650 ## - Subject
Subject Yoga Therapy
700 ## - Added Entry Personal Name
Added Entry Personal Name Penchalayya, Yadla
942 ## - ADDED ENTRY ELEMENTS (KOHA)
Koha item type Books
Holdings
Withdrawn status Lost status Source of classification or shelving scheme Damaged status Not for loan Location (home branch) Sublocation or collection (holding branch) Shelving location Date acquired Koha issues (times borrowed) Koha full call number Accession No. Koha date last seen Koha item type
    Dewey Decimal Classification     VIVEKANANDA LIBRARY VIVEKANANDA LIBRARY Vivekananda Library 22/01/2026   616.8522 S17Y 444513 22/01/2026 Books
    Dewey Decimal Classification     VIVEKANANDA LIBRARY VIVEKANANDA LIBRARY Vivekananda Library 22/01/2026   616.8522 S17Y 444512 22/01/2026 Books
© Designed and Maintained by Vivekananda Library, MDU Rohtak